| 000 | 00672nam a2200205 i 4500 | ||
|---|---|---|---|
| 001 | bg | ||
| 100 | 1 | _aPANKOWSKI, Tadeusz | |
| 245 | 0 |
_aMetody modelowania i wyszukiwania informacji w obiektywnych bazach danych / _cTadeusz Pankowski. |
|
| 260 |
_aPoznań : _bWydaw. PP, _c1993. |
||
| 300 |
_a168 s. : _brys. ; _c24 cm. |
||
| 490 | 1 |
_aRozprawy / Politechnika Poznańska, _x0551-6528 ; _vnr 280 |
|
| 504 | _aBibiogr. s. 160-166. | ||
| 710 | _aPOLITECHNIKA POZNAŃSKA (Poznań) | ||
| 830 | 0 |
_aRozprawy (Politechnika Poznańska) ; _vnr 280 |
|
| 040 | _cBPK | ||
| 041 | _apol | ||
| 080 | _a519.683.5:510.6:512 | ||
| 942 | _cKS | ||
| 008 | s pl f |000 0 pol | ||
| 999 |
_c30008 _d30008 |
||
| 856 |
_uhttp://koha.tu.koszalin.pl/cgi-bin/koha/opac-detail.pl?biblionumber=30008 _yKatalog online BPK |
||